000 00535nam a22001697a 4500
003 MACL
005 20160728132220.0
008 160728b xxu||||| |||| 00| 0 eng d
040 _cMACL
041 _aHindi
082 _a891.431 RAM
100 _aराम, परमानन्‍द
_965629
245 _aएकलव्‍य
_cपरमानन्‍द राम
260 _aमुजफफरपुर
_bसंस्‍कृति प्रकाशन
_c2013
650 _aकविता
_965630
942 _2ddc
_cHIN
999 _c55224
_d55224